Integračné procesy v rozvojových krajinách so zameraním na Latinskú Ameriku

Stručná charakterizácia medzinárodnej ekonomickej integrácie v rozvojových krajinách a zachytenie jej problematiky v Latinskej Amerike cez rozpracovanie integračných zoskupení tohto regiónu a posúdenie jednotlivých zoskupení podľa dôležitosti pre svetové hospodárstvo.

Salvato in:
Dettagli Bibliografici
Autore principale: Baumgartner, Boris
Natura: Capitolo di libro
Lingua:slovacco
Soggetti:
Tags: Aggiungi Tag
Nessun Tag, puoi essere il primo ad aggiungerne!!

MARC

LEADER 00000nla$a2200000$$$4500
001 0120613
005 20240502072347.6
041 0 |a slo 
044 |a SK 
245 1 0 |a Integračné procesy v rozvojových krajinách so zameraním na Latinskú Ameriku  |c Boris Baumgartner 
520 |a Stručná charakterizácia medzinárodnej ekonomickej integrácie v rozvojových krajinách a zachytenie jej problematiky v Latinskej Amerike cez rozpracovanie integračných zoskupení tohto regiónu a posúdenie jednotlivých zoskupení podľa dôležitosti pre svetové hospodárstvo. 
610 2 0 |a integrácia ekonomická medzinárodná 
610 2 0 |a krajiny rozvojové 
610 2 0 |a Latinská Amerika 
610 2 0 |a Brazília 
100 1 |a Baumgartner, Boris